Periodismo (Registro nro. 323735)
[ vista simple ]
| 000 -ENCABEZADO | |
|---|---|
| Número de control [NR] | 02174nam a2200277Ia 4500 |
| 005 - FECHA Y HORA DE LA ÚLTIMA TRANSACCIÓN | |
| control field | 20240116114419.0 |
| 008 - DE LONGITUD FIJA DE DATOS DE ELEMENTOS - INFORMACIÓN GENERAL | |
| Elementos de longitud fija [NR] | 130821s1936 ck fr edspa |
| 040 ## - FUENTE DE CATALOGACION [NR] | |
| Agencia de catalogación original [NR] | Co-BoUCM |
| Idioma de catalogación [NR] | spa |
| Quien Cataloga | Sandra Yazo |
| Quien Clasifica | Sandra Yazo |
| 041 00 - CODIGO DE IDIOMA [R] | |
| Código de idioma para texto/pista de sonido o título separado [R] | Español |
| 082 04 - NUMERO DE CLASIFICACION DECIMAL DEWEY [R] | |
| Número de clasificación [R] | 079.86 |
| Número de la edición [NR] | 20 |
| 092 ## - SIGNATURA TOPOGRAFICA LOCAL | |
| Número de clasificación local | E52N102 |
| 100 1# - ASIENTO PRINCIPAL--NOMBRE PERSONAL [NR] | |
| Nombre personal [NR] | Santos, Eduardo |
| Fechas asociadas con el nombre [NR] | 1888-1974 |
| ID Autoridad | 2857 |
| 245 10 - MENCION DE TITULO [NR] | |
| Título [NR] | Periodismo |
| Mención de responsabilidad, etc. [NR] | Eduardo, Enrique y Gustavo Santos |
| 260 ## - PUBLICACION, DISTRIBUCION, ETC. (PIE DE IMPRENTA) [R] | |
| Lugar de publicación, distribución, etc. [R] | Bogotá (Colombia) |
| Nombre del editor, distribuidor, etc. [R] | Editorial Minerva S. A. |
| Fecha de publicación, distribución, etc. [R] | 1936 |
| 300 ## - DESCRIPCION FISICA [R] | |
| Extensión [R] | 232 páginas |
| Dimensiones [R] | 18 x 14 cm |
| 490 #0 - MENCION DE SERIE [R] | |
| Mención de serie [R] | Biblioteca Aldeana de Colombia |
| Designación numérica/secuencial del volumen [NR] | 69 |
| 500 ## - NOTA GENERAL [R] | |
| Nota general [NR] | Detalles físicos: Sin encuadernación original. Actualmente: Encuadernación rígida (holandesa) en cartón forrado en papel jaspeado en tono azul. Lomo de tela, con letras y líneas decorativas en dorado. Cortes decorados (jaspeado azul). Guardas. Hoja de cortesía. Portada impresa en una sola tinta. Grabado con el emblema de la Colección. Texto impreso en una sola columna, con diferentes tipos y tamaños de letra. Notas de pie de página. Papel oxidado en bordes de las hojas. En la encuadernación (lomo) se indica una numeración (69). Colección Aldeana de Colombia es una selección de Samper Ortega de Literatura Colombiana |
| 505 0# - NOTA DE CONTENIDO CON FORMATO PREESTABLECIDO [R] | |
| Nota de contenido con formato preestablecido [NR] | Los Santos ; Periodismo: Eduardo Santos: El partido republicano y la unión liberal ; La libertad del elector ; El país y los partidos ; La reforma social ; La aprobación del Protocolo de Río en el Senado de Colombia ; El liberalismo en el poder ; Ante el ultimátum ; La política del liberalismo ; El general Gómez y su régimen -- Enrique Santos: La intervención del clero en las elecciones ; La política y el cleo ; Nuestra actitud ante la excomunión ; Alrededor de la pastoral -- Gustavo Santos: Al margen de la literatura nacional ; Hojas de crítica ; La “Imitación de Cristo” ; El doctor Carlos Umaña |
| 506 ## - NOTA DE RESTRICCIONES DE ACCESO [R] | |
| Condiciones de acceso [NR] | Consulta en sala |
| 650 #7 - ASIENTO SECUNDARIO DE MATERIA - TERMINO TEMATICO [R] | |
| Término temático o nombre geográfico como elemento de entrada [NR] | Periodismo colombiano |
| 9 (RLIN) | 21342 |
| Subdivisión cronológica [R] | Siglo XX |
| 650 #7 - ASIENTO SECUNDARIO DE MATERIA - TERMINO TEMATICO [R] | |
| Término temático o nombre geográfico como elemento de entrada [NR] | Política y gobierno |
| 9 (RLIN) | 22032 |
| 690 ## - ASUNTO AGREGADO LOCAL DE ENTRADA - TÉRMINO TEMÁTICO (OCLC, RLIN) | |
| Acceso temático local | Periodismo |
| 9 (RLIN) | 21340 |
| 700 1# - ASIENTO SECUNDARIO - NOMBRE PERSONAL [R] | |
| Nombre personal [NR] | Santos Montejo, Enrique |
| Fechas asociadas con el nombre [NR] | 1886-1971 |
| 9 (RLIN) | 179735 |
| 700 1# - ASIENTO SECUNDARIO - NOMBRE PERSONAL [R] | |
| Nombre personal [NR] | Santos Montejo, Gustavo |
| Fechas asociadas con el nombre [NR] | 1892-1968 |
| 9 (RLIN) | 179736 |
| 942 ## - ELEMENTOS DE ENTRADA AGREGADOS (KOHA) | |
| Tipo de ítem principal el descrito en 300a | Libro |
| Tema principal | 24 |
| Edición | 1 |
| Sistema de clasificación | LOCAL |
| Clasificación | E52N102 |
| Título oculto en OPAC | No |
| Suprimido | Perdido | Sistema de clasificación | Dañado | No prestable | Tipo de ítem específico | Ubicación habitual | Ubicación actual | Localización | Fecha de creación | Forma de adquisición | Costo | Total préstamos | Signatura topográfica | Código de barras | Última vez visto | Ejemplar | Price effective from | Tipo de ítem |
|---|---|---|---|---|---|---|---|---|---|---|---|---|---|---|---|---|---|---|
| LOCAL | Libro archivo | Archivo Histórico | Archivo Histórico | Archivo histórico | 16/01/2024 | Donación | 0.00 | E52N102 | L006937 | 16/01/2024 | Ej.1 | 16/01/2024 | Libro |